Business Marketing Management (Record no. 2582)
[ view plain ]
| 005 - DATE AND TIME OF LATEST TRANSACTION | |
|---|---|
| control field | 20250523151617.0 |
| 020 ## - INTERNATIONAL STANDARD BOOK NUMBER | |
| International Standard Book Number | 0-8442-2964-4 |
| 082 ## - DEWEY DECIMAL CLASSIFICATION NUMBER | |
| Classification number | 658. 8 BIN |
| 100 ## - MAIN ENTRY--PERSONAL NAME | |
| Author name | BINGHAM, F. G. |
| 245 ## - TITLE STATEMENT | |
| Title | Business Marketing Management |
| 260 ## - PUBLICATION, DISTRIBUTION, ETC. | |
| Place of publication, distribution, etc. | Illinois, |
| Name of publisher, distributor, etc. | NTC Business Book, |
| Date of publication, distribution, etc. | 1998. |
| 300 ## - PHYSICAL DESCRIPTION | |
| Extent | xxiii, 632p.: ill.; table. |
| Other physical details | Bibliographical references, index. |
| Dimensions | 24cm. |
| 942 ## - ADDED ENTRY ELEMENTS (KOHA) | |
| Source of classification or shelving scheme | Dewey Decimal Classification |
| Koha item type | Books |
| Date last seen | Total checkouts | Full call number | Barcode | Cost, replacement price | Price effective from | Koha item type | Lost status | Source of classification or shelving scheme | Damaged status | Not for loan | Withdrawn status | Home library | Current library | Shelving location | Date acquired | Cost, normal purchase price |
|---|---|---|---|---|---|---|---|---|---|---|---|---|---|---|---|---|
| 05/23/2025 | 658. 8 BIN | 0000009719 | 120000.00 | 05/23/2025 | Books | Dewey Decimal Classification | College of Business Education Main Library | College of Business Education Main Library | General Collection | 03/15/2003 | 40000.00 | |||||
| 05/23/2025 | 658. 8 BIN | 0000009718 | 120000.00 | 05/23/2025 | Books | Dewey Decimal Classification | College of Business Education Main Library | College of Business Education Main Library | General Collection | 03/15/2003 | 40000.00 | |||||
| 06/13/2025 | LECT 658.8 BIN | 00000012949 | 120000.00 | 06/13/2025 | Books | Dewey Decimal Classification | College of Business Education Main Library | College of Business Education Main Library | General Collection | 03/15/2003 | 40000.00 |
